Medical vocabulary (Запись № 9756260)

Подробности
000 -МАРКЕР
контрольное поле 02475nam0a2200457 4500
001 - ИДЕНТИФИКАТОР ЗАПИСИ
контрольное поле RU\NLR\b_ik\199267
005 - ИДЕНТИФИКАТОР ВЕРСИИ
контрольное поле 20250613194957.0
010 ## - МЕЖДУНАРОДНЫЙ СТАНДАРТНЫЙ НОМЕР КНИГИ (ISBN)
Номер (ISBN) 978-5-7487-1586-7
Тираж 150
021 ## - НОМЕР ГОСУДАРСТВЕННОЙ РЕГИСТРАЦИИ
Код страны российская федерация
Номер 2012-101565
Номер Листа государственной регистраци 7485
035 ## - ДРУГИЕ СИСТЕМНЫЕ НОМЕРА
Идентификатор записи (NLR Aleph) 009995122
100 ## - ДАННЫЕ ОБЩЕЙ ОБРАБОТКИ
Данные общей обработки 20130123d2012 |||y0rusy50 ca
101 0# - ЯЗЫК РЕСУРСА
Язык текста, звукозаписи и т.д. английский
-- латинский
102 ## - СТРАНА ПУБЛИКАЦИИ ИЛИ ПРОИЗВОДСТВА
Страна публикации российская федерация
105 ## - ПОЛЕ КОДИРОВАННЫХ ДАННЫХ: ТЕКСТОВЫЕ МАТЕРИАЛЫ, МОНОГРАФИЧЕСКИЕ
Кодированные данные о монографическом текстовом документе y|||e|||000yy
200 1# - ЗАГЛАВИЕ И СВЕДЕНИЯ ОБ ОТВЕТСТВЕННОСТИ
Основное заглавие Medical vocabulary
Параллельное заглавие Медицинский словарь
Сведения, относящиеся к заглавию Latin-English, English-Latin
-- for foreign students of the Medical department
Первые сведения об ответственности T.A. Gladilina, A.N. Zolotukchina, T.A. Kostromina
Последующие сведения об ответственности State educational establishment of higher professional education "Kursk state med. univ." of the Min. of health a. social development of the Russ. Federation, The Dep. of Lat. med. terminology
Язык параллельного заглавия русский
210 ## - ПУБЛИКАЦИЯ, РАСПРОСТРАНЕНИЕ И ДР.
Место издания, распространения и т.д. Kursk
Имя издателя, распространителя и т. д. Изд-во Курского государственного медицинского университета
Дата издания, распространения и т.д. 2012
215 ## - ФИЗИЧЕСКАЯ ХАРАКТЕРИСТИКА
Специфическое обозначение материала и объем 59 с.
Размеры 20
300 ## - ОБЩИЕ ПРИМЕЧАНИЯ
Текст примечания Авт. также на рус. яз.: Т.А. Гладилина, А.Н. Золотухина, Т.А. Костромина
320 ## - ПРИМЕЧАНИЯ О НАЛИЧИИ В ДОКУМЕНТЕ БИБЛИОГРАФИИ / УКАЗАТЕЛЯ
Текст примечания Библиогр.: с. 59 (5 назв.)
510 1# - ПАРАЛЛЕЛЬНОЕ ЗАГЛАВИЕ
Связь между полями z45790
Параллельное заглавие Медицинский словарь
Сведения, относящиеся к заглавию латинско-английский, англо-латинский
Язык заглавия русский
606 1# - НАИМЕНОВАНИЕ ТЕМЫ КАК ПРЕДМЕТ
Наименование темы Латинский язык
Тематический подзаголовок Терминология медицинская
-- Словари
-- Английский язык
Системный номер авторитетной/нормативной записи 2605524
Идентификатор авторитетной/нормативной записи RU\NLR\AUTH\661542082
606 1# - НАИМЕНОВАНИЕ ТЕМЫ КАК ПРЕДМЕТ
Наименование темы Английский язык
Тематический подзаголовок Терминология медицинская
-- Словари
-- Латинский язык
Системный номер авторитетной/нормативной записи 2190367
Идентификатор авторитетной/нормативной записи RU\NLR\AUTH\6601552514
606 1# - НАИМЕНОВАНИЕ ТЕМЫ КАК ПРЕДМЕТ
Наименование темы Латинский язык
Тематический подзаголовок Учебные издания для медицинских работников
Системный номер авторитетной/нормативной записи 2411227
Идентификатор авторитетной/нормативной записи RU\NLR\AUTH\661436632
606 1# - НАИМЕНОВАНИЕ ТЕМЫ КАК ПРЕДМЕТ
Наименование темы Медицина
Формальный подзаголовок Терминологические словари
Системный номер авторитетной/нормативной записи 892737
Идентификатор авторитетной/нормативной записи RU\NLR\AUTH\662895
686 1# - ИНДЕКСЫ ДРУГИХ КЛАССИФИКАЦИЙ
Индекс Ш146.1-434
686 1# - ИНДЕКСЫ ДРУГИХ КЛАССИФИКАЦИЙ
Индекс Ш143.21-434
686 1# - ИНДЕКСЫ ДРУГИХ КЛАССИФИКАЦИЙ
Индекс Ш146.1-93англ329.1
686 1# - ИНДЕКСЫ ДРУГИХ КЛАССИФИКАЦИЙ
Индекс Р.я212
700 #1 - ИМЯ ЛИЦА - ПЕРВИЧНАЯ ОТВЕТСТВЕННОСТЬ
Начальный элемент ввода Gladilina
Часть имени, кроме начального элемента ввода T. A.
Код отношения Автор
701 #1 - ИМЯ ЛИЦА - АЛЬТЕРНАТИВНАЯ ОТВЕТСТВЕННОСТЬ
Связь между полями z40790
Начальный элемент ввода Zolotuchina
Часть имени, кроме начального элемента ввода A. N.
Код отношения Автор
701 #1 - ИМЯ ЛИЦА - АЛЬТЕРНАТИВНАЯ ОТВЕТСТВЕННОСТЬ
Начальный элемент ввода Kostromina
Часть имени, кроме начального элемента ввода T. A.
Расширение инициалов личного имени Tat'jana Arkad'evna
Код отношения Автор
790 #1 - ИМЯ ЛИЦА - АЛЬТЕРНАТИВНАЯ ФОРМА
Связь между полями z45510
Начальный элемент ввода Гладилина
Часть имени, кроме начального элемента ввода Т.А
790 #1 - ИМЯ ЛИЦА - АЛЬТЕРНАТИВНАЯ ФОРМА
Связь между полями z40701
Начальный элемент ввода Zolotukchina
Часть имени, кроме начального элемента ввода A. N.
Код отношения Автор
801 #0 - ИСТОЧНИК ЗАПИСИ
Страна российская федерация
Организация NLR
Дата составления 20130123
Правила каталогизации RCR
801 #1 - ИСТОЧНИК ЗАПИСИ
Страна российская федерация
Организация NLR
Дата составления 20130123
942 ## - ДОПОЛНИТЕЛЬНЫЕ ЭЛЕМЕНТЫ ЗАПИСИ (АБИС)
Тип экземпляра АБИС Книга
980 ## - КОЛЛЕКЦИЯ
Название коллекции Национальная библиография
Экземпляры
Тип экземпляра Дата поступления Источник поступления Библиотека постоянного хранения Библиотека текущего хранения Место хранения Шифр хранения Штрих-код Статус не для выдачи
Книга 23.01.2013 Обязательный экземпляр РНБ (Московский) РНБ (Московский) Центральная справочная библиотека, иностранный фонд СИк 2013-1/1 1-31514